| 000 | 00971nam a2200289 c 4500 | ||
|---|---|---|---|
| 999 |
_c115307 _d115307 |
||
| 003 | BLK | ||
| 005 | 20200429161018.0 | ||
| 008 | 180409b bul|||||r ||||||| ||bul|| | ||
| 010 | _aKNG00120787000 | ||
| 040 | _aBLK | ||
| 041 |
_aDEU _cDEU |
||
| 080 |
_aХудожествени ръкоделия _b746 _z746 |
||
| 100 |
_aLeszer, Eva Maria _9408518 |
||
| 139 |
_aLeszer, Eva Maria _bЛ 49 |
||
| 245 | 1 | 0 |
_aWir entwerfen Muster _c Eva Maria Leszner. |
| 257 | _aDEU | ||
| 260 |
_bRosenheimer _c1979 |
||
| 300 |
_a128 с. _bс ил. _c22 см |
||
| 380 | _a7 | ||
| 650 | 4 |
_aХудожествени тъкани - текстилно изкуство _9276080 |
|
| 653 | _aхудожествени тъкани | ||
| 700 | 1 |
_aLeszner, Eva Maria _916868 |
|
| 700 |
_aЛесзнер, Ева Мария _9408511 |
||
| 852 | _aЦб 105691 | ||
| 856 | 4 | _qpdf | |
| 856 | 4 | _qpdf | |
| 942 |
_cKNG _n0 _s1 |
||
| 944 |
_aCR _c13.01.2011 _lдобави в АБ / 12.01.2011 _kЛюдмила_Стоянова |
||
| 944 |
_aED _c24.01.2015 _lдобави в АБ / 12.01.2011 _kИрена_Линкова |
||
| 999 | _d115307 | ||